00485nam a2200205 a 450000100060000000300090000600800410001502000150005604000280007108200160009910000240011524500130013925000060015226000370015830000110019549000250020665000190023194200120025099900170026211179CO-ViMGA141112s2004 ck r 000 u spa d a8426411835 aCO-ViMGAbspacCO-ViMGA04a823.8 J69u21 aJoyce, James91554010aUlises  a4 aBarcelona, cLiberduplex, c1998 a683 p. aPalabra en el tiempo14aNOVELA INGLESA 2ddccBK c22392d22392